2024/2025 Premier League Goalscorers: Gameweek 13 - Statistics

General Stats
  • This quiz has been taken 43 times
  • The average score is 31 of 34
Answer Stats
Fixture Club Score Goalscorer % Correct
Liverpool v Manchester City Liverpool 1-0 Cody Gakpo
100%
Chelsea v Aston Villa Chelsea 3-0 Cole Palmer
100%
Manchester United v Everton Manchester United 2-0 Joshua Zirkzee
100%
Manchester United v Everton Manchester United 4-0 Joshua Zirkzee
100%
Manchester United v Everton Manchester United 1-0 Marcus Rashford
100%
Manchester United v Everton Manchester United 3-0 Marcus Rashford
100%
Liverpool v Manchester City Liverpool 2-0 Mohamed Salah
100%
West Ham v Arsenal Arsenal 5-2 Bukayo Saka
97%
Wolves v Bournemouth Bournemouth 1-0 Justin Kluivert
97%
Wolves v Bournemouth Bournemouth 3-1 Justin Kluivert
97%
Wolves v Bournemouth Bournemouth 4-2 Justin Kluivert
97%
Brentford v Leicester Brentford 1-1 Yoane Wissa
97%
Nottingham Forest v Ipswich Nottingham Forest 1-0 Chris Wood
95%
West Ham v Arsenal Arsenal 1-0 Gabriel
95%
West Ham v Arsenal Arsenal 4-0 Kai Havertz
95%
Chelsea v Aston Villa Chelsea 1-0 Nicolas Jackson
95%
Chelsea v Aston Villa Chelsea 2-0 Enzo Fernandez
92%
Brentford v Leicester Brentford 2-1 Kevin Schade
92%
Brentford v Leicester Brentford 3-1 Kevin Schade
92%
Brentford v Leicester Brentford 4-1 Kevin Schade
92%
West Ham v Arsenal Arsenal 2-0 Leandro Trossard
92%
Crystal Palace v Newcastle Crystal Palace (OG) 1-0 Marc Guehi
92%
Tottenham v Fulham Tottenham 1-0 Brennan Johnson
89%
West Ham v Arsenal West Ham 4-2 Emerson
87%
Wolves v Bournemouth Wolves 1-1 Jorgen Strand Larsen
87%
Wolves v Bournemouth Wolves 3-2 Jorgen Strand Larsen
87%
Brighton v Southampton Brighton 1-0 Kaoru Mitoma
87%
West Ham v Arsenal Arsenal 3-0 Martin Odegaard
84%
West Ham v Arsenal West Ham 4-1 Aaron Wan-Bissaka
82%
Brentford v Leicester Leicester 1-0 Facundo Buonanotte
82%
Tottenham v Fulham Fulham 1-1 Tom Cairney
82%
Wolves v Bournemouth Bournemouth 2-1 Milos Kerkez
74%
Crystal Palace v Newcastle Crystal Palace 1-1 Daniel Munoz
71%
Brighton v Southampton Southampton 1-1 Flynn Downes
68%
No matching quizzes found
Score Distribution
Percent of People with Each Score
Percentile by Number Answered
Your Score History
You have not taken this quiz